Biggest Cities in Tamil Nadu - Statistics

General Stats
  • This quiz has been taken 277 times
  • The average score is 9 of 20
Answer Stats
Population City % Correct
7,088,000 Chennai
100%
1,462,420 Madurai
92%
1,601,438 Coimbatore
91%
916,857 Tiruchirappalli
78%
829,267 Salem
72%
498,129 Erode
60%
222,943 Thanjavur
57%
484,690 Vellore
49%
473,637 Tirunelveli
48%
221,749 Kanchipuram
42%
877,778 Tiruppur
41%
207,327 Dindigul
38%
224,329 Nagercoil
31%
410,760 Thoothukkudi
31%
116,821 Hosur
25%
173,361 Cuddalore
22%
140,156 Kumbakonam
18%
117,215 Pudukottai
15%
145,683 Tiruvannamalai
14%
130,119 Rajapalayam
4%
No matching quizzes found
Score Distribution
Percent of People with Each Score
Percentile by Number Answered
Your Score History
You have not taken this quiz